<?xml version="1.0" encoding="UTF-8"?>
<record
    xmlns:xsi="http://www.w3.org/2001/XMLSchema-instance"
    xsi:schemaLocation="http://www.loc.gov/MARC21/slim http://www.loc.gov/standards/marcxml/schema/MARC21slim.xsd"
    xmlns="http://www.loc.gov/MARC21/slim">

  <leader>02244nam a22003977a 4500</leader>
  <datafield tag="999" ind1=" " ind2=" ">
    <subfield code="c">21904</subfield>
    <subfield code="d">21904</subfield>
  </datafield>
  <controlfield tag="003">AR-CdUCM</controlfield>
  <controlfield tag="008">190425b           ||||| |||| 00| 0 spa d</controlfield>
  <datafield tag="040" ind1=" " ind2=" ">
    <subfield code="a">MUNICIPALIDAD PROVINCIAL DEL CUSCO</subfield>
    <subfield code="c">BIBLIOTECA MUNICIPAL DEL CUSCO</subfield>
  </datafield>
  <datafield tag="082" ind1=" " ind2=" ">
    <subfield code="a">Rev.Anto/N&#xB0;103/1999</subfield>
  </datafield>
  <datafield tag="110" ind1=" " ind2=" ">
    <subfield code="a">Universidad Nacional de San Antonio Abad del Cusco</subfield>
    <subfield code="9">15942</subfield>
  </datafield>
  <datafield tag="245" ind1=" " ind2=" ">
    <subfield code="a">El Antoniano :</subfield>
    <subfield code="b">Publicaci&#xF3;n cient&#xED;fico cultural de la Universidad Nacional de San Antonio Abad del Cusco /</subfield>
    <subfield code="c">Hugo Bonet Rodr&#xED;guez, director</subfield>
  </datafield>
  <datafield tag="260" ind1=" " ind2=" ">
    <subfield code="a">Cusco :</subfield>
    <subfield code="b">UNSAAC,</subfield>
    <subfield code="b">Siglo XXI,</subfield>
    <subfield code="c">1999.</subfield>
  </datafield>
  <datafield tag="300" ind1=" " ind2=" ">
    <subfield code="a">36 p&#xE1;ginas. :</subfield>
    <subfield code="b">ilustraciones ;</subfield>
    <subfield code="c">43 cm.</subfield>
  </datafield>
  <datafield tag="440" ind1=" " ind2=" ">
    <subfield code="a">El Antononiano.</subfield>
    <subfield code="n">A&#xF1;o 9, N&#xB0;103, enero 1999.</subfield>
    <subfield code="9">46817</subfield>
  </datafield>
  <datafield tag="505" ind1=" " ind2=" ">
    <subfield code="a">Contenido: &#xBF;Se globalizara la cultura? -- Hacia el tercer milenio. -- No todo lo que brilla es oro. -- La culpa la tiene el pobre. -- Joseph Wresinski extrema pobreza y derechos humanos. -- Kamachi. -- Mitos andinos en el contexto de nuevos movimientos religiosos aut&#xF3;ctonos. -- Agon&#xED;a de la arquitectura cusque&#xF1;a. -- Las desencantadas. -- El estilo y el interprete en la m&#xFA;sica. -- Inicio del folklore cient&#xED;fico en el Per&#xFA;. -- Entre la tradici&#xF3;n y la modernidad el Corpus Christi del Cusco. -- Oralidad y escritura en el pensamiento andino. -- Desarrollo de que o de quien. -- Un reto que vencer. -- Alfalfa deshidratada, una alternativa en la alimentaci&#xF3;n de cam&#xE9;lidos.</subfield>
  </datafield>
  <datafield tag="650" ind1=" " ind2=" ">
    <subfield code="a">Folklore cusque&#xF1;o</subfield>
    <subfield code="9">8693</subfield>
  </datafield>
  <datafield tag="650" ind1=" " ind2=" ">
    <subfield code="a">Antolog&#xED;a cusque&#xF1;a</subfield>
    <subfield code="9">46818</subfield>
  </datafield>
  <datafield tag="650" ind1=" " ind2=" ">
    <subfield code="a">M&#xFA;sica andina</subfield>
    <subfield code="9">22217</subfield>
  </datafield>
  <datafield tag="650" ind1=" " ind2=" ">
    <subfield code="a">Arquitectura cusque&#xF1;a</subfield>
    <subfield code="9">30237</subfield>
  </datafield>
  <datafield tag="700" ind1=" " ind2=" ">
    <subfield code="a">Flores Ochoa, Jorge</subfield>
    <subfield code="9">2915</subfield>
  </datafield>
  <datafield tag="700" ind1=" " ind2=" ">
    <subfield code="a">Ugarte Vega Centeno, David</subfield>
    <subfield code="9">9129</subfield>
  </datafield>
  <datafield tag="700" ind1=" " ind2=" ">
    <subfield code="a">Morveli Salas, Mario</subfield>
    <subfield code="9">7203</subfield>
  </datafield>
  <datafield tag="700" ind1=" " ind2=" ">
    <subfield code="a">Gibaja, Manuel</subfield>
    <subfield code="9">46819</subfield>
  </datafield>
  <datafield tag="700" ind1=" " ind2=" ">
    <subfield code="a">Velazco Arag&#xF3;n, Luis</subfield>
    <subfield code="9">30611</subfield>
  </datafield>
  <datafield tag="700" ind1=" " ind2=" ">
    <subfield code="a">Rozas Arag&#xF3;n, Abel</subfield>
    <subfield code="9">42152</subfield>
  </datafield>
  <datafield tag="700" ind1=" " ind2=" ">
    <subfield code="a">Pilares Villa, Rub&#xE9;n</subfield>
    <subfield code="9">46820</subfield>
  </datafield>
  <datafield tag="700" ind1=" " ind2=" ">
    <subfield code="a">Pallardel Mu&#xF1;iz, Luis</subfield>
    <subfield code="9">46821</subfield>
  </datafield>
  <datafield tag="700" ind1=" " ind2=" ">
    <subfield code="a">Pallardel Moscoso, Danilo</subfield>
    <subfield code="9">7067</subfield>
  </datafield>
  <datafield tag="700" ind1=" " ind2=" ">
    <subfield code="a">Holgado Vidal, Diomedes</subfield>
    <subfield code="9">46822</subfield>
  </datafield>
  <datafield tag="700" ind1=" " ind2=" ">
    <subfield code="a">Valderrama Escalante, Gonzalo</subfield>
    <subfield code="9">1301</subfield>
  </datafield>
  <datafield tag="700" ind1=" " ind2=" ">
    <subfield code="a">Brozovich Mendoza, Ra&#xFA;l</subfield>
    <subfield code="9">2189</subfield>
  </datafield>
  <datafield tag="710" ind1=" " ind2=" ">
    <subfield code="a">Universidad Nacional de San Antonio Abad del Cusco</subfield>
    <subfield code="9">15942</subfield>
  </datafield>
  <datafield tag="942" ind1=" " ind2=" ">
    <subfield code="2">ddc</subfield>
    <subfield code="c">PP</subfield>
  </datafield>
  <datafield tag="945" ind1=" " ind2=" ">
    <subfield code="a">rac</subfield>
  </datafield>
  <datafield tag="952" ind1=" " ind2=" ">
    <subfield code="0">0</subfield>
    <subfield code="2">ddc</subfield>
    <subfield code="4">0</subfield>
    <subfield code="7">0</subfield>
    <subfield code="a">HEM</subfield>
    <subfield code="b">HEM</subfield>
    <subfield code="c">CART</subfield>
    <subfield code="d">2021-10-21</subfield>
    <subfield code="g">10.00</subfield>
    <subfield code="o">Rev.Anto/N&#xB0;103/1999</subfield>
    <subfield code="p">REVC000445</subfield>
    <subfield code="r">2021-10-21</subfield>
    <subfield code="y">PP</subfield>
  </datafield>
  <datafield tag="952" ind1=" " ind2=" ">
    <subfield code="0">0</subfield>
    <subfield code="2">ddc</subfield>
    <subfield code="4">0</subfield>
    <subfield code="7">0</subfield>
    <subfield code="a">HEM</subfield>
    <subfield code="b">HEM</subfield>
    <subfield code="c">CART</subfield>
    <subfield code="d">2021-10-21</subfield>
    <subfield code="g">10.00</subfield>
    <subfield code="o">Rev.Anto/N&#xB0;103/1999/e.2</subfield>
    <subfield code="p">REVC000446</subfield>
    <subfield code="r">2021-10-21</subfield>
    <subfield code="y">PP</subfield>
  </datafield>
  <datafield tag="952" ind1=" " ind2=" ">
    <subfield code="0">0</subfield>
    <subfield code="2">ddc</subfield>
    <subfield code="4">0</subfield>
    <subfield code="7">0</subfield>
    <subfield code="a">HEM</subfield>
    <subfield code="b">HEM</subfield>
    <subfield code="c">CART</subfield>
    <subfield code="d">2021-10-21</subfield>
    <subfield code="g">10.00</subfield>
    <subfield code="o">Rev.Anto/N&#xB0;103/1999/e.3</subfield>
    <subfield code="p">REVC000447</subfield>
    <subfield code="r">2021-10-21</subfield>
    <subfield code="y">PP</subfield>
  </datafield>
</record>
